banner-ar

LAROUSSE'S : (Record no. 4669)

MARC details
000 -الفاتح
حقل البيانات ثابتة الطول 00672nam a2200217Ia 4500
008 - عناصر البيانات ثابتة الطول - معلومات عامة
حقل البيانات ثابتة الطول 140319s9999 xx 000 0 ara d
020 ## - الرقم الدولى المعيارى للكتب
الرقم الدولى المعيارى للكتاب 0671458515
040 ## - مصدر الفهرسة
وكالة الفهرسة الأصلية GCL /
وكالة النسخ GCL
082 04 - رقم تصنيف ديوى العشرى
رقم التصنيف 443.2
رقم المادة D L
100 1# - المدخل الرئيسى - إسم شخصى
الإسم الشخصى DUBOIS, MARGUERITE - MARIE
245 10 - بيان العنوان
العنوان LAROUSSE'S :
بقية العنوان FRENCH - ENGLISH, ENGLISH - FRENCH DICTIONARY /
بيان المسئوليه,etc DUBOIS, MARGUERITE - MARIE
700 1# - المدخل الاضافى - اسم شخصى
الإسم الشخصى KEEN, DENIS J.
700 1# - المدخل الاضافى - اسم شخصى
الإسم الشخصى SHUEY, BARBARA
260 ## - PUBLICATION, DISTRIBUTION, ETC. (IMPRINT)
تاريخ النشر أو التوزيع 1971
300 ## - الوصف المادى
التعداد 15 CM ؛
أبعاد الوعاء 2 PARTS IN 1 VOLS.
650 04 - المدخل الاضافى بالموضوع-مصطلح موضوعى
مصطلح موضوعي FRENCH LANGUAGE - DICTIONARY
650 04 - المدخل الاضافى بالموضوع-مصطلح موضوعى
مصطلح موضوعي DICTIONARIES
650 04 - المدخل الاضافى بالموضوع-مصطلح موضوعى
مصطلح موضوعي ENGLISH LANGUAGE - STUDY AND TEACHING
942 ## - عناصر المدخل الإضافي( كوها)
مصدر التصنيف او مخطط الترفيف Dewey Decimal Classification
Koha [default] item type كتاب
260 ## - PUBLICATION, DISTRIBUTION, ETC. (IMPRINT)
-- نيويورك :
-- POCKET BOOK ،
Holdings
حالة التراجع حالة الفقد حالة تلف ليس للاعارة المكان المؤقت الموقع الحالى تاريخ الاكتساب اجمالي اﻻعارات رقم الطلب الباركود تاريخ اخر مشاهدة تاريخ تفعيل السعر نوع وعاء كوها
        مكتبة القاهرة الكبرى مكتبة القاهرة الكبرى 03/26/2014   443.2\D L 10523 03/26/2014 03/26/2014 كتاب

Powered By

EGPV